Normal view MARC view

Entry Personal Name

Number of records used in: 1

001 - CONTROL NUMBER

  • control field: 16912

003 - CONTROL NUMBER IDENTIFIER

  • control field: OSt

005 - DATE AND TIME OF LATEST TRANSACTION

  • control field: 20240318110638.0

008 - FIXED-LENGTH DATA ELEMENTS

  • fixed length control field: 240318|| aca||aabn | a|a d

040 ## - CATALOGING SOURCE

  • Original cataloging agency: OSt
  • Transcribing agency: OSt

100 ## - HEADING--PERSONAL NAME

  • Personal name: Edwards, C. R. W.
  • Fuller form of name: (Christopher Richard Watkin)

670 ## - SOURCE DATA FOUND

  • Source citation: Work cat.: (OSt)8269: Davidson, Stanley, Sir, 1894-1981. 850, Davidson's principles and practice of medicine :, 1987.